000 00582nam a22001937a 4500
003 BD-ChCU
005 20260510114456.0
008 260510b sw ||||| |||| 00| 0 engd
020 _a9783319404356
040 _cBD-ChCU
082 _223
_a526.1 A461s
100 _aAlsadi, Hamid N.
_922674
245 _ascismic hydrocarbon exploration :
_b2D and 3D techniques/
_cHamid N Alsadi.
260 _aSpringer inernation ; Springer
_bSpringer,
_c2017
300 _a331 P. :
504 _aIncludes.
650 0 _aGeodesy -statistical methods ; Fossil fuels.
_922675
942 _2ddc
_cBK
_n0
999 _c112821
_d112821